| 000 | 01521nam a22002057a 4500 | ||
|---|---|---|---|
| 003 | DO-CoUTE | ||
| 005 | 20260523135318.0 | ||
| 008 | 260523b dr ||||| |||| 00| 0 spa d | ||
| 040 |
_aDO-CoUTE _bspa _cDO-CoUTE |
||
| 082 | _aRD 920.72 R488r | ||
| 100 | 1 |
_aRicardo, Yolanda _eAutor |
|
| 245 | 1 | 0 |
_aLa resistencia en las Antillas tiene rostro de mujer : _b(Transgresiones, emancipaciones ) / _cRicardo, Yolanda ; edición: Virgilio López Lemus ; diseño portada: Helena Arco Martínez ; digramación: Iris Cuevas ; presentación: Mario Bonetti |
| 260 |
_aSanto Domingo : _bAcademia de Ciencias de la República Dominicana, _c2004 |
||
| 300 |
_a393 Paginas : _bfotos ; _c23cm, |
||
| 504 | _aIncluye referencia bibliográfica e índice. | ||
| 505 | _aCapítulo Primero. Un contexto significativo: décadas transgresoras, 25. Nuestra América bulle y crece, 41. En Cuba (1860-1900), 59. En Cuba (1900-1960), 67. En Santo Domingo (1860-1900), 83. En Santo Domingo (1900-1960), 89 | Capítulo Segundo. Mujeres: transgresiones, resistencia y lucha en las Grandes Antillas, 101. De Santo Domingo: páginas de historia de vida, 103-159. De Cuba: páginas de historias de vida, 163-217 | Capítulo Tercero. Institutos de señoritas: experiencias singulares de transgresión, 221-244 | Capítulo Cuarto. Los hombres observan y también valoran, 255. Epílogo, 279. Textos complementarios, 289-350. Imágenes elocuentes, 351 | ||
| 650 | 4 | _aMujeres en las antillas | |
| 700 | 1 |
_aYolanda Ricardo _eAutor |
|
| 942 |
_2ddc _cBK |
||
| 999 |
_c24224 _d24224 |
||